Sports Quiz

Random Sports or Hockey Quiz
Score 0/284 Timer 05:00
3 Plays Today
% Correct
George Richardson
89.3%
Wayne Gretzky
88.5%
Lester Patrick
88%
Frank Fredrickson
87.9%
Jack Marshall
87.7%
Martin Brodeur
87.1%
Mark Howe
87.1%
Mario Lemieux
86%
Mark Messier
84.9%
Maurice Richard
83.7%
Harry Howell
82.5%
Henri Richard
81.8%
Larry Robinson
81.3%
Marty Barry
81.1%
Jacques Plante
80.9%
Tom Johnson
80.8%
Jacques Lemaire
80.7%
Shorty Green
80.5%
Marcel Pronovost
80.4%
Jack Stewart
80.3%
Glenn Anderson
80.1%
Patrick Roy
79.8%
Moose Johnson
79.7%
Ching Johnson
79.6%
Gord Roberts
79.2%
George McNamara
78.9%
Martin St. Louis
78.1%
Marty Walsh
77.9%
Harry Hyland
77.8%
Steve Yzerman
77.8%
Bobby Hull
77.7%
Marcel Dionne
77.7%
Bobby Clarke
77.2%
Busher Jackson
77.2%
Billy Smith
77.1%
Woody Dumart
76.6%
Jacques Laperriere
76.2%
Mike Gartner
76%
Charlie Gardiner
75.9%
Bert Olmstead
75.5%
Charlie Conacher
75.2%
Alexander Yakushev
75%
Mark Recchi
74.9%
Václav Nedomanský
74.9%
Frank Boucher
74.8%
Clark Gillies
74.7%
Clint Smith
74.7%
Gordie Howe
74.3%
Johnny Bower
74.1%
Lynn Patrick
74.1%
Dave Andreychuk
74.1%
Cooney Weiland
74.1%
Steamer Maxwell
73.6%
Peter Forsberg
73.5%
Roy Conacher
73.4%
Bill Barber
73.3%
Eric Lindros
73.2%
Georges Boucher
72.9%
Valeri Kharlamov
72.8%
Hayley Wickenheiser
72.7%
Tommy Smith
72.6%
Brett Hull
72.2%
Gilbert Perreault
72.2%
Butch Bouchard
72.2%
Peter Stastny
71.9%
Howie Morenz
71.8%
Harry Watson
71.5%
Harry Watson
71.5%
Nels Stewart
71.5%
Bobby Orr
71.4%
Stan Mikita
71.2%
Scotty Davidson
71.2%
Mike Grant
71.1%
Bernie Geoffrion
70.9%
Allan Stanley
70.8%
Barney Stanley
70.6%
Luc Robitaille
70.3%
Mike Modano
70%
Phat Wilson
69.7%
Joe Simpson
69.5%
Hooley Smith
69.5%
George Armstrong
69.4%
Billy Gilmour
68.7%
Roy Worters
68.6%
Harry Cameron
68.5%
Bernie Parent
68.2%
Bernie Federko
68.1%
John Bucyk
68.1%
Bob Pulford
68%
Scott Stevens
68%
Frank Foyston
67.9%
Rod Gilbert
67.8%
Buddy O'Connor
67.8%
Punch Broadbent
67.4%
Dit Clapper
67.4%
% Correct
Tommy Dunderdale
67.2%
Tiny Thompson
67.1%
Pat LaFontaine
66.7%
Joe Hall
66.4%
Jack Adams
65.9%
Brendan Shanahan
65.9%
Lionel Conacher
65.9%
Billy Burch
65.6%
Steve Shutt
65.5%
Jack Walker
65.4%
King Clancy
65.3%
Andy Bathgate
65.2%
Bill Quackenbush
65.2%
Phil Esposito
65.1%
Herb Gardiner
64.9%
Frank Brimsek
64.9%
Graham Drinkwater
64.8%
Guy Carbonneau
64.8%
Clint Benedict
64.8%
Tony Esposito
64.7%
Jack Laviolette
64.6%
Syd Howe
64.4%
Alec Connell
64.2%
Dale Hawerchuk
63.7%
Jack Darragh
63.6%
Bob Gainey
63.5%
Mike Bossy
63.3%
Turk Broda
63.1%
Alf Smith
63%
Rob Blake
62.8%
Michel Goulet
62.7%
Jack Ruttan
62.3%
Ernie Russell
62.2%
Harvey Pulford
62.1%
Tommy Phillips
62.1%
Babe Siebert
62%
Rod Langway
61.5%
Glenn Hall
61.5%
Angela James
61.4%
Igor Larionov
60.8%
Bill Cowley
60.8%
Joe Mullen
60.8%
Jim Gardner
60.6%
Mickey MacKay
60.5%
Raymond Bourque
60.5%
Bryan Trottier
60.3%
Oliver Seibert
60.2%
Harry Westwick
59.9%
Chris Pronger
59.8%
Ron Francis
59.5%
Joe Malone
59.4%
Joe Nieuwendyk
59.4%
Frank Mahovlich
59.3%
Frank Nighbor
59.3%
Russell Bowie
59.2%
Billy McGimsie
59.1%
Terry Sawchuk
58.8%
Blair Russel
58.7%
Bill Cook
58.7%
Bill Mosienko
58.7%
Tom Hooper
58.7%
Bobby Bauer
58.4%
Gerry Cheevers
58.2%
Harry Lumley
58.1%
Scott Niedermayer
58.1%
Harry Oliver
58%
Art Coulter
57.6%
Chris Chelios
57.5%
Tim Horton
57.5%
Danielle Goyette
57.5%
Bill Durnan
57.5%
Nicklas Lidström
57.1%
Bill Gadsby
56.9%
Gordie Drillon
56.8%
Red Dutton
56.4%
Grant Fuhr
56.2%
Frank Rankin
56%
Ken Reardon
56%
Dino Ciccarelli
55.8%
Guy Lafleur
55.7%
Sweeney Schriner
55.6%
Joe Sakic
55.6%
Doug Bentley
55.5%
George Hainsworth
55.4%
Serge Savard
55.3%
Frank McGee
55.1%
Harry Trihey
55.1%
Cammi Granato
54.9%
Earl Seibert
54.7%
Doug Harvey
54.6%
Bowse Hutton
54.6%
Lanny McDonald
54.4%
Art Ross
54.3%
Fred Whitcroft
54.1%
Sergei Fedorov
54%
% Correct
Denis Savard
53.9%
Norm Ullman
53.6%
Edgar Laprade
53.4%
Sergei Makarov
53.1%
Joe Primeau
53%
Doug Gilmour
52.9%
Fern Flaman
52.7%
Sergei Zubov
52.5%
Sylvio Mantha
52.4%
Sid Abel
52.2%
Ken Dryden
52%
Bryan Hextall
51.8%
Eddie Gerard
51.7%
Geraldine Heaney
51.7%
Brian Leetch
51.4%
Alex Delvecchio
51.3%
Eddie Shore
51.3%
Chuck Rayner
51.1%
Max Bentley
51%
Teemu Selanne
51%
Jean Ratelle
50.9%
Jean Beliveau
50.6%
Viacheslav Fetisov
50.4%
Georges Vezina
50.3%
Fred Scanlon
50.2%
Phil Housley
49.9%
Brad Park
49.3%
Adam Oates
49%
Art Farrell
48.9%
Red Horner
48.5%
Mats Sundin
48.3%
Dave Keon
48.3%
Denis Potvin
48.2%
George Hay
48%
Angela Ruggiero
47.6%
Darryl Sittler
47.6%
Borje Salming
47.5%
Ted Lindsay
47.3%
Hap Holmes
47.2%
Bruce Stuart
47.1%
Red Kelly
47.1%
Larry Murphy
47%
Ted Kennedy
46.9%
Dominik Hasek
46.4%
Guy Lapointe
45.7%
Percy LeSueur
45.5%
Rusty Crawford
45.5%
Riley Hern
45.1%
Hod Stuart
45%
Dan Bain
43.4%
Ed Belfour
43.3%
Vladislav Tretiak
43%
Babe Pratt
42.7%
Hugh Lehman
42.4%
Jari Kurri
42.1%
Yvan Cournoyer
41.5%
Paul Coffey
41.1%
Dickie Moore
41%
Paul Kariya
40.7%
Didier Pitre
40.6%
Cy Denneny
40.4%
Toe Blake
40.1%
Syl Apps
39.5%
Sprague Cleghorn
39.4%
Cyclone Taylor
39.4%
Al MacInnis
39.1%
Ebbie Goodfellow
38.6%
Gump Worsley
38.6%
Herbie Lewis
38.5%
Ace Bailey
38.4%
Pavel Bure
38.1%
Paddy Moran
37.9%
Neil Colville
36.8%
Pierre Pilote
36.1%
Jayna Hefford
36%
Newsy Lalonde
35.9%
Dick Irvin
35.3%
Babe Dye
34.4%
Cam Neely
32.8%
Hobey Baker
32.4%
Dickie Boon
32.2%
Elmer Lach
31.4%
Rogie Vachon
29.9%
Moose Goheen
29.8%
Milt Schmidt
29.7%
Dick Duff
28.7%
Bun Cook
27.6%
Aurel Joliat
27%
Ed Giacomin
25.6%
Leo Boivin
24.2%
Reg Noble
17.7%
Hap Day
17.4%
Si Griffis
17.2%
Duke Keats
13.1%

You're not logged in!

Compare scores with friends on all Sporcle quizzes.
OR
Log In

Sporcle TV

Today on Sporcle TV


Watch our educational content, quiz creation guides, and fun videos on Sporcle TV.

Show Comments

Extras

Top Quizzes Today


Score Distribution

Paid Content

Your Account Isn't Verified!

In order to create a playlist on Sporcle, you need to verify the email address you used during registration. Go to your Sporcle Settings to finish the process.

Report this User

Report this user for behavior that violates our Community Guidelines.

Details: